Essays in applied psycho-analysis / (Record no. 29509)
[ view plain ]
| 000 -LEADER | |
|---|---|
| fixed length control field | 00860cam a22002531 4500 |
| 001 - CONTROL NUMBER | |
| control field | 29509 |
| 003 - CONTROL NUMBER IDENTIFIER | |
| rucl marc code | BD-RjUL |
| 005 - DATE AND TIME OF LATEST TRANSACTION | |
| control field | 20211209051424.0 |
| 008 - FIXED-LENGTH DATA ELEMENTS--GENERAL INFORMATION | |
| fixed length control field | 140403s1951 enk 000 0 eng |
| 035 ## - SYSTEM CONTROL NUMBER | |
| System control number | (BD-RjUL)29594 |
| 040 ## - CATALOGING SOURCE | |
| Original cataloging agency | DLC |
| Transcribing agency | OAU |
| Modifying agency | OCoLC |
| -- | OClW-H |
| -- | BD-RjUL |
| Language of cataloging | eng |
| 041 ## - LANGUAGE CODE | |
| Language code of text/sound track or separate title | eng |
| 082 ## - DEWEY DECIMAL CLASSIFICATION NUMBER | |
| Classification number | 131.3404 |
| Author mark and year | JOE V-2 1951 |
| 100 1# - MAIN ENTRY--PERSONAL NAME | |
| Personal name | Jones, Ernest, |
| Dates associated with a name | 1879-1958. |
| 9 (RLIN) | 3810 |
| 245 00 - TITLE STATEMENT | |
| Title | Essays in applied psycho-analysis / |
| Number of part/section of a work | VOL . II. |
| Name of part/section of a work | ESSAYS IN FOLKLORE , ANTHROPOLOGY AND RELIGION |
| 260 ## - PUBLICATION, DISTRIBUTION, ETC. (IMPRINT) | |
| Place of publication, distribution, etc. | London : |
| Name of publisher, distributor, etc. | Hogarth Press, |
| Date of publication, distribution, etc. | 1951. |
| 300 ## - PHYSICAL DESCRIPTION | |
| Pagination | 383 p. : |
| Size | 23 cm. |
| 505 0# - FORMATTED CONTENTS NOTE | |
| Formatted contents note | V.1 Miscellaneous essays.--V.2 Essays in folklore, anthropology and religion. |
| 650 #0 - SUBJECT ADDED ENTRY--TOPICAL TERM | |
| Topical term or geographic name as entry element | Psychoanalysis. |
| 9 (RLIN) | 89935 |
| 942 ## - ADDED ENTRY ELEMENTS (KOHA) | |
| Source of classification or shelving scheme | Dewey Decimal Classification |
| Koha item type | Books |
| Lost status | Source of classification or shelving scheme | Damaged status | Not for loan | Collection code | Permanent Location | Current Location | Shelving location | Date acquired | Source of acquisition | Cost, normal purchase price | Total Checkouts | Full call number | Date last seen | Copy number | Koha item type |
|---|---|---|---|---|---|---|---|---|---|---|---|---|---|---|---|
| Dewey Decimal Classification | Added to bundle | Non-fiction | Central Library, University of Rajshahi | Central Library, University of Rajshahi | Reading Room | 12/04/1955 | ALHER BOOK COR.. | 13.20 | 131.3404 JOE V-2 1951 | 03/04/2014 | C-1 | Books | |||
| Dewey Decimal Classification | Non-fiction | Central Library, University of Rajshahi | Central Library, University of Rajshahi | 10/07/1965 | zeithinger | 35.00 | 131.3404 JOE V-2 1951 | 03/04/2014 | C-4 | Books |